| 000 | 00482nam a2200169Ia 4500 | ||
|---|---|---|---|
| 999 |
_c11581 _d11581 |
||
| 003 | OSt | ||
| 005 | 20201015130047.0 | ||
| 008 | 190216s9999||||xx |||||||||||||| ||und|| | ||
| 040 | _coclc | ||
| 082 |
_a828.809 _bWIL/W |
||
| 100 |
_aWilde, Oscar _95040 |
||
| 245 | 4 |
_aThe Works Of Oscar Wilde / _cOscar Wilde |
|
| 260 |
_bSpring Books, _c1965. _aLondon: |
||
| 300 | _a956p | ||
| 650 | _aEnglish Literature | ||
| 942 |
_cBK _2ddc _h828.809 _iWIL/W _k828.809 _mWIL/W |
||